MARC

LEADER 00000nam a2200000Ia 4500
001 14777
008 160829s9999 xx 000 0 cat d
080 |a FU-30-20 
110 |a Escola d'Administració Pública de Catalunya  |9 15494 
245 |a Curso de perfeccionamiento para auxiliares administrativos de pequeñas corporaciones locales 
260 |a Tarragona :  |b [l'Escola], DL 1977 (Barcelona :  |b Casa Provincial de Caridad, Impr. - Escuela) 
300 |a 20 p. ;  |c 22 cm 
590 |a Celebració del curs: Del 14 de enero al 5 de marzo de 1977, Tarragona  
590 |a A la coberta: Instituto de Estudios de Administración Local, Delegación Interprovincial 'Escola d'Administració Pública de Catalunya' 
650 |a Escola d'Administració Pública de Catalunya  |x Currículums   |9 29017 
650 |a Administració local  |x Funcionaris i empleats  |x Formació  |9 30081 
901 |a Arxiu 
942 |n 1 
952 |0 0  |1 0  |4 0  |6 FU3020  |7 1  |9 45255  |a Arxiu  |b Arxiu  |d 2016-12-01  |l 0  |o FU-30-20  |p 14777  |r 2016-12-01 00:00:00  |w 2016-12-01  |y ARXIU 
999 |c 48329  |d 48329